UBT Library

PLASTIC SURGERY 1992 (Record no. 58416)

000 -LEADER
fixed length control field 00314nam a22001457a 4500
008 - FIXED-LENGTH DATA ELEMENTS--GENERAL INFORMATION
fixed length control field 221007b ||||| |||| 00| 0 eng d
020 ## - INTERNATIONAL STANDARD BOOK NUMBER
International Standard Book Number 0444811745
041 ## - LANGUAGE CODE
Language code of text/sound track or separate title eng
080 ## - UNIVERSAL DECIMAL CLASSIFICATION NUMBER
Universal Decimal Classification number 617
082 ## - DEWEY DECIMAL CLASSIFICATION NUMBER
Classification number 617 HIN
100 ## - Rafti
Rafti 15.1
101 ## - Shkurtesa
Shkurtesa ORTO
245 ## - TITLE STATEMENT
Title PLASTIC SURGERY 1992
Statement of responsibility, etc HINDERER U
942 ## - ADDED ENTRY ELEMENTS (KOHA)
Source of classification or shelving scheme
Item type Books
Holdings
Withdrawn status Lost status Source of classification or shelving scheme Damaged status Not for loan Collection code Permanent location Current location Date acquired Total Checkouts Full call number Barcode Date last seen Price effective from Koha item type
          Koleksioni i përgjithshem UBT - Lipjan UBT - Lipjan 10/07/2022   617 HIN 002-800028700178 10/07/2022 10/07/2022 Books
UBT Library © 2015-2024. All rights reserved University Education for Business and Technology